'D' Names by 3 Surnames Quiz Stats

 Plays Quiz Updated Jul 13, 2019

Score 0/20 Timer 05:00
2 Plays Today
% Correct
David
96.4%
Demi
96.1%
Daniel
95.7%
Dick
95.5%
Dakota
92.6%
Dennis
92.4%
Diane
91.6%
Donald
88.1%
Dustin
87.2%
Diana
87%
% Correct
Daryl
86.1%
Dean
85.1%
Derek
85.1%
Donna
84.9%
Douglas
81.3%
Dale
73%
Dolores
72.6%
Darren
65.6%
Dylan
64.2%
Danielle
61.4%

You're not logged in!

Compare scores with friends on all Sporcle quizzes.
OR
Log In

Sporcle TV

Today on Sporcle TV


Watch our educational content, quiz creation guides, and fun videos on Sporcle TV.

Show Comments

Extras

Top Quizzes Today


Score Distribution

Your Account Isn't Verified!

In order to create a playlist on Sporcle, you need to verify the email address you used during registration. Go to your Sporcle Settings to finish the process.

Report this User

Report this user for behavior that violates our Community Guidelines.

Details: